[Event "TCh-CHN 2016"]
[Site "China CHN"]
[Date "2016.09.25"]
[Round "14.1"]
[Board "3"]
[White "Zeng, Chongsheng"]
[Black "Gao, Rui"]
[Result "1/2-1/2"]
[WhiteTitle "GM"]
[BlackTitle "GM"]
[WhiteElo "2549"]
[BlackElo "2552"]
[WhiteTeam "Guangdong"]
[BlackTeam "Hangzhou"]
[WhiteFideId "8603847"]
[BlackFideId "8602387"]
[EventDate "2016.04.12"]

1. d4 Nf6 2. c4 g6 3. Nc3 d5 4. Nf3 Bg7 5. cxd5 Nxd5 6. Na4 Nb6 7. e4 O-O 8. Be3
Bg4 9. Nc5 Nc6 10. Nxb7 Qb8 11. Ba6 Nb4 12. Nc5 Bxd4 13. Bxd4 Bxf3 14. Qxf3 Nc2+
15. Kf1 Nxd4 16. Qc3 e5 17. h4 h5 18. g4 hxg4 19. Qg3 Qd8 20. Qxg4 Qf6 21. Kg2
Na4 22. Nxa4 Qxa6 23. Nc5 Qe2 24. Qxe2 Nxe2 25. Nd7 Rfd8 26. Rhd1 Kg7 27. Nxe5
Re8 28. Rd2 Nc3 29. Nxf7 Nxe4 30. Rd7 Nf6 31. Rxc7 Nd5 32. Rd7 Nf6 33. Rb7 Reb8
34. Rxb8 Rxb8 35. Ne5 Rxb2 36. Kf3 Rb5 37. Nc6 Rf5+ 38. Kg2 a6 39. Rb1 Nd5 40.
Rb7+ Kh6 41. Ra7 Nf4+ 42. Kh2 Ne2 43. Kg2 Nf4+ 44. Kh2 Ne2 45. Rxa6 Rxf2+ 46.
Kh3 Rf3+ 47. Kg2 Rf6 48. a4 Kh5 49. Nb4 Rxa6 50. Nxa6 Kxh4 51. Nc5 Nd4 52. a5
Kg4 53. a6 Nc6 54. Nd3 Kf5 1/2-1/2

[Event "TCh-CHN 2016"]
[Site "China CHN"]
[Date "2016.09.25"]
[Round "14.1"]
[Board "4"]
[White "Dzagnidze, Nana"]
[Black "Li, Xueyi"]
[Result "1-0"]
[WhiteTitle "GM"]
[WhiteElo "2535"]
[BlackElo "2112"]
[WhiteTeam "Hangzhou"]
[BlackTeam "Guangdong"]
[WhiteFideId "13601903"]
[BlackFideId "8605912"]
[EventDate "2016.04.12"]

1. Nf3 d5 2. c4 c6 3. b3 e6 4. Bb2 Nf6 5. e3 Bd6 6. Nc3 O-O 7. Qc2 e5 8. cxd5
cxd5 9. Nb5 Nc6 10. Nxd6 Qxd6 11. d4 e4 12. Ne5 Nb4 13. Qd2 Bf5 14. Bc3 Na6 15.
Be2 Rfc8 16. O-O h5 17. Rac1 Nc7 18. Bb4 Qe6 19. a4 Nce8 20. Rxc8 Rxc8 21. Rc1
Ng4 22. Rxc8 Qxc8 23. h3 Ngf6 24. Ba3 Be6 25. Qb4 Nc7 26. Qc5 a6 27. Qe7 Na8 28.
Bc5 Nc7 29. b4 Na8 30. b5 axb5 31. axb5 Nd7 32. Nxd7 Bxd7 33. Bxh5 g6 34. b6
gxh5 35. Qg5+ Kh7 36. Qxh5+ Kg8 37. Qg5+ Kh7 38. Qxd5 Be6 39. Qxe4+ Kg8 40. h4
Qd7 41. h5 Qa4 42. f3 Qa6 43. h6 Qe2 44. Qf4 1-0

[Event "TCh-CHN 2016"]
[Site "China CHN"]
[Date "2016.09.25"]
[Round "14.1"]
[Board "5"]
[White "Gu, Tianlu"]
[Black "Padmini, Rout"]
[Result "1/2-1/2"]
[WhiteTitle "WIM"]
[BlackTitle "IM"]
[WhiteElo "2255"]
[BlackElo "2408"]
[WhiteTeam "Hangzhou"]
[BlackTeam "Guangdong"]
[WhiteFideId "8603995"]
[BlackFideId "5029295"]
[EventDate "2016.04.12"]

1. e4 e6 2. d4 d5 3. Nd2 Be7 4. Bd3 c5 5. dxc5 Nf6 6. e5 Nfd7 7. f4 Nxc5 8. Ndf3
Nxd3+ 9. Qxd3 Na6 10. Be3 Qc7 11. c3 b6 12. b4 d4 13. Nxd4 O-O 14. Ngf3 Qd7 15.
O-O Nc7 16. b5 Bb7 17. Rad1 Rfd8 18. c4 f5 19. exf6 gxf6 20. Qe2 Qe8 21. Bf2 Qf7
22. Rde1 Bf8 23. Nxe6 Nxe6 24. Qxe6 Qxe6 25. Rxe6 Kf7 26. f5 Rac8 27. Bh4 Rd6
28. Rxd6 Bxd6 29. Rd1 Bc5+ 30. Kf1 Rc7 31. Bf2 Bc8 32. Bg3 Re7 33. Bf2 Rc7 34.
Bxc5 Rxc5 35. g4 Rxc4 36. Rd4 Rc3 37. Nd2 Ke7 38. Rc4 Rxc4 39. Nxc4 Kd7 40. Ke2
Kc7 41. Kd3 a6 42. bxa6 Bxa6 43. Kd4 Kc6 44. h3 Bb7 45. Nd2 Kd6 46. Nc4+ Kc7 47.
Ne3 Kd6 48. Nc4+ Kc7 49. g5 fxg5 50. Ke5 Ba6 51. Nd6 h5 52. Ke6 g4 53. hxg4 hxg4
54. f6 g3 55. f7 g2 56. f8=Q g1=Q 57. Qe7+ Kb8 58. Qd8+ Ka7 59. Qc7+ Ka8 60.
Qc6+ Ka7 61. Qd7+ Kb8 62. Qe8+ Ka7 63. Qe7+ Kb8 64. Qf8+ Ka7 65. Kd7 Qc5 66. Qf7
Kb8 67. Qe8+ Ka7 68. Qf7 Kb8 69. Qe8+ Ka7 70. Qe7 Kb8 71. Qd8+ Ka7 72. Qc7+
Qxc7+ 73. Kxc7 Bd3 74. Nc8+ Ka6 75. Nxb6 Kb5 76. a3 Be4 77. Nd7 Ka4 78. Nc5+
Kxa3 79. Nxe4 1/2-1/2

[Event "TCh-CHN 2016"]
[Site "China CHN"]
[Date "2016.09.25"]
[Round "14.2"]
[Board "1"]
[White "Chu, Wei Chao"]
[Black "Lin, Yi"]
[Result "1/2-1/2"]
[WhiteTitle "IM"]
[WhiteElo "2331"]
[BlackElo "2276"]
[WhiteTeam "Tianjing"]
[BlackTeam "Shenzhen"]
[WhiteFideId "8605661"]
[BlackFideId "8602735"]
[EventDate "2016.04.12"]

1. Nf3 Nf6 2. c4 g6 3. Nc3 d5 4. cxd5 Nxd5 5. Qa4+ Nc6 6. Ne5 Qd6 7. Nxc6 Qxc6
8. Qxc6+ bxc6 9. g3 Bg7 10. Bg2 Be6 11. b3 O-O-O 12. Bb2 Nxc3 13. Bxc6 Nxe2 14.
Bxg7 Rhg8 15. Kxe2 Rxg7 16. Rhc1 Bd5 17. Bb5 Kb7 18. Rc5 c6 19. Bd3 e5 20. Rac1
f6 21. Bc4 Bxc4+ 22. R1xc4 Rd6 23. Rb4+ Kc8 24. Rbc4 Kb7 25. Rb4+ Kc8 26. Rbc4
Kb7 27. Rb4+ 1/2-1/2

[Event "TCh-CHN 2016"]
[Site "China CHN"]
[Date "2016.09.25"]
[Round "14.2"]
[Board "2"]
[White "Wang, Yue"]
[Black "Battulga, Namkhai"]
[Result "1/2-1/2"]
[WhiteTitle "GM"]
[BlackTitle "IM"]
[WhiteElo "2718"]
[BlackElo "2402"]
[WhiteTeam "Tianjing"]
[BlackTeam "Shenzhen"]
[WhiteFideId "8601429"]
[BlackFideId "4900880"]
[EventDate "2016.04.12"]

1. c4 e6 2. d4 d5 3. Nc3 Nf6 4. cxd5 exd5 5. Bg5 Nbd7 6. e3 Be7 7. Bd3 O-O 8.
Nge2 Re8 9. Qc2 Nf8 10. O-O c6 11. Rae1 Bg4 12. f3 Bh5 13. Bh4 Bg6 14. Bf2 Bd6
15. Bxg6 Nxg6 16. h3 Bc7 17. e4 dxe4 18. fxe4 Bb6 19. Kh1 Qd7 20. e5 Nd5 21. Ne4
Rf8 22. Bg1 Rae8 23. N2c3 f6 24. exf6 Nxf6 25. Nxf6+ Rxf6 26. Rxe8+ Qxe8 27.
Rxf6 gxf6 28. Qf5 Kg7 29. Ne4 Qd8 30. Ng3 Bxd4 31. Qe6 Bxg1 32. Nf5+ Kf8 33. Nd6
Ne5 34. Kxg1 Qb6+ 35. Kf1 Qa6+ 36. Ke1 Qa5+ 37. Ke2 Qa6+ 38. Kf2 Qb6+ 39. Kf1
Qa6+ 40. Kg1 Qb6+ 41. Kh2 Qf2 42. Qc8+ Kg7 43. Qxb7+ Kg6 44. Qb3 Qf4+ 45. Qg3+
Ng4+ 46. hxg4 Qh6+ 47. Qh3 Qf4+ 48. g3 Qd2+ 49. Qg2 Qxd6 50. Qe4+ Kg7 51. Qe3 c5
52. b3 Qe5 53. Qd2 Kg6 54. Qd3+ Kh6 55. Kh3 Qe1 56. Kg2 Qe5 57. Qd2+ Kg6 58. Kf3
Qe7 59. Qd5 Kg7 60. a4 a5 61. Kf2 Qe5 62. Qd2 Qe4 63. Qc3 Qb4 64. Qc2 Qd4+ 65.
Kg2 Kh6 66. Qf5 Kg7 67. Qe6 Qe5 68. Qd7+ Kg6 69. Qd3+ Kg7 70. Kf3 Qe6 71. Qc3
Kg6 72. Qd3+ Kg7 73. Qc3 Kg6 74. Kf2 Qxg4 75. Qxc5 Qf5+ 76. Qxf5+ Kxf5 77. Ke3
Ke5 78. g4 h6 79. Kd3 Kd5 80. Ke3 Kc5 81. Ke4 1/2-1/2

[Event "TCh-CHN 2016"]
[Site "China CHN"]
[Date "2016.09.25"]
[Round "14.2"]
[Board "3"]
[White "Malakhov, Vladimir"]
[Black "Yu, Kaifeng"]
[Result "1/2-1/2"]
[WhiteTitle "GM"]
[BlackTitle "FM"]
[WhiteElo "2695"]
[BlackElo "2220"]
[WhiteTeam "Tianjing"]
[BlackTeam "Shenzhen"]
[WhiteFideId "4120787"]
[BlackFideId "8609667"]
[EventDate "2016.04.12"]

1. e4 c5 2. Nf3 d6 3. d4 cxd4 4. Qxd4 a6 5. Be2 Nc6 6. Qe3 g6 7. O-O Bg7 8. c4
Nf6 9. h3 O-O 10. Nc3 Nd7 11. Rb1 a5 12. b3 Nc5 13. Bb2 f5 14. exf5 Bxf5 15.
Rbd1 a4 16. Nxa4 Nxa4 17. Bxg7 Kxg7 18. bxa4 Rxa4 19. c5 d5 20. Bb5 Re4 21. Qb3
e6 22. Bxc6 bxc6 23. Nd4 Qc7 24. Qb6 Qf4 25. Qb2 Kg8 26. f3 Re3 27. Qf2 Rc8 28.
g3 Qh6 29. g4 e5 30. gxf5 exd4 31. Rxd4 gxf5 32. Rh4 Qe6 33. Kh1 h6 34. Rg1+ Kh7
35. Rb4 Rc7 36. Rb8 f4 37. Qc2+ Re4 38. fxe4 Qxh3+ 39. Qh2 Qf3+ 40. Rg2 Qd1+ 41.
Qg1 Qh5+ 42. Qh2 1/2-1/2

[Event "TCh-CHN 2016"]
[Site "China CHN"]
[Date "2016.09.25"]
[Round "14.2"]
[Board "4"]
[White "Du, Yuxin"]
[Black "Xiao, Yiyi"]
[Result "0-1"]
[BlackTitle "WFM"]
[WhiteElo "2074"]
[BlackElo "2222"]
[WhiteTeam "Shenzhen"]
[BlackTeam "Tianjing"]
[WhiteFideId "8610282"]
[BlackFideId "8606161"]
[EventDate "2016.04.12"]

1. e4 e5 2. Nf3 Nc6 3. Bb5 Nf6 4. d3 Bc5 5. O-O Nd4 6. Nxd4 Bxd4 7. c3 Bb6 8.
Bg5 c6 9. Ba4 h6 10. Bh4 d6 11. Nd2 g5 12. Bg3 Bg4 13. Qe1 h5 14. h4 Ng8 15. Nc4
gxh4 16. Bh2 h3 17. Nxb6 axb6 18. Bb3 hxg2 19. Kxg2 Qh4 20. Qe3 Nh6 21. Rh1 Rg8
22. Bg3 Qf6 23. f3 Be6 24. Bxe6 h4 25. Bg4 Nxg4 26. fxg4 Rxg4 27. Rh3 Qg6 28.
Kh2 hxg3+ 29. Kg2 O-O-O 30. Rf1 Rg8 31. Rf3 Qe6 32. Qxb6 Qxa2 33. Rhxg3 Qb1 34.
Qf2 Rxg3+ 35. Rxg3 Rxg3+ 36. Qxg3 Qxb2+ 37. Kh3 Qxc3 38. Qg8+ Kc7 39. Qxf7+ Kb6 0-1

[Event "TCh-CHN 2016"]
[Site "China CHN"]
[Date "2016.09.25"]
[Round "14.2"]
[Board "5"]
[White "Xu, Yuze"]
[Black "Ni, Shiqun"]
[Result "0-1"]
[BlackTitle "WGM"]
[WhiteElo "1812"]
[BlackElo "2363"]
[WhiteTeam "Shenzhen"]
[BlackTeam "Tianjing"]
[WhiteFideId "8614466"]
[BlackFideId "8608466"]
[EventDate "2016.04.12"]

1. e4 c5 2. c3 d5 3. exd5 Qxd5 4. d4 Nc6 5. Nf3 Nf6 6. Na3 Bg4 7. Be2 cxd4 8.
Nb5 O-O-O 9. Nbxd4 e5 10. Nxc6 Qxc6 11. Qc2 Bc5 12. O-O Qe4 13. Qxe4 Nxe4 14.
Be3 Bxe3 15. fxe3 f6 16. Rfd1 Be6 17. c4 Kc7 18. Kf1 a5 19. Ke1 Kb6 20. Nd2 Nc5
21. Rab1 Bf5 22. b4 axb4 23. Rxb4+ Kc7 24. Rb5 b6 25. Nb1 Rxd1+ 26. Kxd1 Bxb1
27. Rxb1 Ra8 28. Rb2 Ra3 29. Kd2 Ne4+ 30. Kc2 Rc3+ 31. Kd1 Rxe3 32. Bf3 Nc5 33.
Kd2 Rd3+ 34. Ke2 f5 35. Bd5 f4 36. Rd2 Ra3 37. Kf1 Re3 38. Re2 Rxe2 39. Kxe2 e4
40. Kd2 Kd6 41. Kc3 Ke5 42. Kb4 Kd4 43. Kb5 f3 44. gxf3 e3 0-1

[Event "TCh-CHN 2016"]
[Site "China CHN"]
[Date "2016.09.25"]
[Round "14.3"]
[Board "1"]
[White "Lin, Chen"]
[Black "Wang, Chen"]
[Result "1/2-1/2"]
[WhiteTitle "GM"]
[BlackTitle "IM"]
[WhiteElo "2526"]
[BlackElo "2514"]
[WhiteTeam "Jiangsu"]
[BlackTeam "Chongqing"]
[WhiteFideId "8602298"]
[BlackFideId "8601020"]
[EventDate "2016.04.12"]

1. e4 e5 2. Nf3 Nc6 3. Bb5 Nf6 4. O-O Nxe4 5. d4 Nd6 6. dxe5 Nxb5 7. a4 Nbd4 8.
Nxd4 Nxd4 9. Qxd4 d5 10. exd6 Qxd6 11. Qe4+ Qe6 12. Qd4 Qd6 13. Qe3+ Be6 14. Nc3
a6 15. Rd1 Qc6 16. Rd3 Be7 17. Nb5 Bc4 18. Rd1 O-O 19. Qxe7 axb5 20. axb5 Bxb5
21. Rxa8 Rxa8 22. c4 Ba4 23. b3 Qe8 24. Qxe8+ Bxe8 25. Bf4 c6 26. h3 f6 27. Re1
b5 28. cxb5 cxb5 29. b4 Bf7 30. Bd6 Re8 31. Re7 Rxe7 32. Bxe7 1/2-1/2

[Event "TCh-CHN 2016"]
[Site "China CHN"]
[Date "2016.09.25"]
[Round "14.3"]
[Board "2"]
[White "Yu, Ruiyuan"]
[Black "Zhou, Weiqi"]
[Result "1-0"]
[WhiteTitle "GM"]
[BlackTitle "GM"]
[WhiteElo "2516"]
[BlackElo "2635"]
[WhiteTeam "Jiangsu"]
[BlackTeam "Chongqing"]
[WhiteFideId "8603090"]
[BlackFideId "8601674"]
[EventDate "2016.04.12"]

1. e4 e5 2. Nf3 Nc6 3. d4 exd4 4. Nxd4 Bc5 5. Nb3 Bb6 6. Nc3 Nf6 7. Qe2 a5 8. a4
O-O 9. Bg5 h6 10. Bh4 Nd4 11. Qd3 Nxb3 12. cxb3 d6 13. O-O-O Be6 14. e5 dxe5 15.
Qf3 Bd4 16. Ne4 Bd5 17. Bd3 Bxe4 18. Bxe4 g5 19. Bxb7 Rb8 20. Bg3 Qe7 21. Ba6 g4
22. Qd3 Nd7 23. Bc4 Qg5+ 24. Kb1 Nc5 25. Qc2 Kg7 26. f4 exf4 27. Rxd4 fxg3 28.
Qc3 f6 29. Qxg3 Qe5 30. Rxg4+ Kh8 31. Rg6 Kh7 32. Rg7+ Kh8 33. Rxc7 1-0

[Event "TCh-CHN 2016"]
[Site "China CHN"]
[Date "2016.09.25"]
[Round "14.3"]
[Board "3"]
[White "Wei, Yi"]
[Black "Liu, Yan"]
[Result "1/2-1/2"]
[WhiteTitle "GM"]
[BlackTitle "FM"]
[WhiteElo "2700"]
[BlackElo "2413"]
[WhiteTeam "Jiangsu"]
[BlackTeam "Chongqing"]
[WhiteFideId "8603405"]
[BlackFideId "8608962"]
[EventDate "2016.04.12"]

1. e4 c5 2. Nf3 d6 3. d4 cxd4 4. Nxd4 Nf6 5. Nc3 a6 6. Bg5 e6 7. f4 h6 8. Bh4
Qb6 9. Qd2 Qxb2 10. Rb1 Qa3 11. e5 dxe5 12. fxe5 Nfd7 13. Ne4 Qxa2 14. Rd1 Qd5
15. Qe3 Qxe5 16. Be2 Bc5 17. Bg3 Qd5 18. c4 Bxd4 19. Rxd4 Qa5+ 20. Rd2 O-O 21.
Bd6 f5 22. Bxf8 Nxf8 23. Nd6 Nbd7 24. Bf3 Qc5 25. Ke2 Rb8 26. Rb1 b6 27. Qxc5
Nxc5 28. Nxc8 Rxc8 29. Rxb6 Ncd7 30. Rb7 Ne5 31. c5 Rxc5 32. Rd8 Nxf3 33. Kxf3
f4 34. Kxf4 Rf5+ 35. Ke4 Rf7 36. Rxf7 Kxf7 37. Ra8 Ng6 38. Rxa6 Kf6 39. Ra3 Ne5
40. Kf4 Nf7 41. Kg4 g6 42. Kf4 Kg7 43. Ke4 Kf6 44. Kd4 h5 45. Kc5 Ne5 46. Kd4
Nf7 47. Rf3+ Ke7 48. Rf1 Nh6 49. Ke4 Nf7 50. Rf4 Nd6+ 51. Kf3 Nf5 52. Ra4 Kf6
53. Kf4 Nh4 54. Ra2 Nf5 55. Ke4 Nd6+ 56. Kd4 Nf5+ 57. Kc5 Ke5 58. Kc6 Kf6 59.
Kd7 e5 60. Kc6 Ke6 61. Kc5 e4 62. Ra6+ Ke5 63. Rxg6 e3 64. Rg8 Nd6 65. Ra8 e2
66. Ra1 Nf5 67. Re1 Nd4 68. g3 Ke4 69. Kd6 Ke3 70. Ke7 Kf2 71. Rxe2+ Nxe2 72.
Kf6 Kg2 73. Kg6 Kxh2 74. Kxh5 Kxg3 1/2-1/2

[Event "TCh-CHN 2016"]
[Site "China CHN"]
[Date "2016.09.25"]
[Round "14.3"]
[Board "4"]
[White "Lei, Tingjie"]
[Black "Guo, Qi"]
[Result "1-0"]
[WhiteTitle "WGM"]
[BlackTitle "IM"]
[WhiteElo "2504"]
[BlackElo "2436"]
[WhiteTeam "Chongqing"]
[BlackTeam "Jiangsu"]
[WhiteFideId "8605114"]
[BlackFideId "8604002"]
[EventDate "2016.04.12"]

1. d4 Nf6 2. c4 e6 3. g3 d5 4. Bg2 dxc4 5. Nf3 c5 6. O-O Nc6 7. Qa4 Bd7 8. Qxc4
b5 9. Qc3 cxd4 10. Nxd4 Nxd4 11. Qxd4 Rc8 12. Bf4 Qb6 13. Qxb6 axb6 14. a3 Rc2
15. b4 Bc6 16. Ra2 Rc4 17. Nd2 Bxg2 18. Kxg2 Rc8 19. Nf3 Rc4 20. Be3 Nd5 21. Bd4
f6 22. e4 Ne7 23. Re1 Nc8 24. e5 f5 25. Rd2 Be7 26. Be3 Kf7 27. Rd7 h6 28. Nd4
Rd8 29. Rxd8 Bxd8 30. Nxb5 g5 31. Rd1 Ke7 32. Kf3 Bc7 33. Nxc7 Rxc7 34. h4 gxh4
35. gxh4 Ke8 36. Rc1 Rxc1 37. Bxc1 h5 38. Be3 Ne7 39. Kf4 Ng6+ 40. Kg5 Nxe5 41.
Kxh5 b5 42. Kg5 Kf7 43. h5 Nf3+ 44. Kf4 Ne1 45. Ke5 Nf3+ 46. Kf4 Ne1 47. Ke5
Nf3+ 48. Kd6 e5 49. Kd5 Kf6 50. h6 Kg6 51. Bc1 Ne1 52. a4 bxa4 53. b5 Nd3 54. b6
Nb4+ 55. Kxe5 f4 56. Kd6 Kxh6 57. Bxf4+ Kh5 58. b7 Na6 59. Bc1 Kg4 60. Ba3 Kf5
61. Kc6 Nb8+ 62. Kc7 Na6+ 63. Kb6 Nb8 64. Bd6 Nd7+ 65. Kc7 1-0

[Event "TCh-CHN 2016"]
[Site "China CHN"]
[Date "2016.09.25"]
[Round "14.3"]
[Board "5"]
[White "Tan, Zhongyi"]
[Black "Yuan, Ye"]
[Result "1-0"]
[WhiteTitle "WGM"]
[WhiteElo "2518"]
[BlackElo "2212"]
[WhiteTeam "Chongqing"]
[BlackTeam "Jiangsu"]
[WhiteFideId "8603642"]
[BlackFideId "8608415"]
[EventDate "2016.04.12"]

1. d4 Nf6 2. Bg5 c5 3. e3 Qb6 4. Nf3 Qxb2 5. Nbd2 Qb6 6. Bd3 e6 7. O-O cxd4 8.
exd4 Be7 9. c4 d5 10. Re1 dxc4 11. Nxc4 Qd8 12. Nfe5 h6 13. Bxf6 Bxf6 14. Qf3
Nc6 15. Nxc6 bxc6 16. Qxc6+ Bd7 17. Nd6+ Kf8 18. Qf3 Be8 19. Rac1 Rb8 20. Nxe8
Qxe8 21. d5 e5 22. Rc7 Qa4 23. Rec1 Rd8 24. Qh5 g6 25. Bxg6 fxg6 26. Qxg6 Be7
27. Qf5+ Ke8 28. Qg6+ Kf8 29. Rxe7 1-0

[Event "TCh-CHN 2016"]
[Site "China CHN"]
[Date "2016.09.25"]
[Round "14.4"]
[Board "1"]
[White "Fang, Yuxiang"]
[Black "Lou, Yiping"]
[Result "1-0"]
[WhiteTitle "IM"]
[BlackTitle "IM"]
[WhiteElo "2502"]
[BlackElo "2450"]
[WhiteTeam "Qingdao"]
[BlackTeam "Shanghai"]
[WhiteFideId "8605840"]
[BlackFideId "8603928"]
[EventDate "2016.04.12"]

1. Nf3 Nf6 2. c4 g6 3. Nc3 Bg7 4. e4 c5 5. d4 Qa5 6. Bd3 Ng4 7. Bd2 cxd4 8. Ne2
Qb6 9. h3 Ne5 10. Nxe5 Bxe5 11. Bh6 Nc6 12. f4 Qa5+ 13. Kf2 Bc7 14. a3 d6 15. b4
Qb6 16. e5 Nxe5 17. fxe5 dxe5 18. Rf1 Qf6+ 19. Kg1 Qh4 20. Qd2 f6 21. c5 g5 22.
Bb5+ Bd7 23. Bxd7+ Kxd7 24. Bg7 Rhg8 25. Qd3 Rxg7 26. Qb5+ Kd8 27. Qxb7 Rb8 28.
Qd5+ Ke8 29. Qc6+ Kf7 30. Qxc7 g4 31. Rxf6+ Kxf6 32. Rf1+ Kg6 33. Qxb8 Qg5 34.
Qe8+ Kh6 35. Ng3 1-0

[Event "TCh-CHN 2016"]
[Site "China CHN"]
[Date "2016.09.25"]
[Round "14.4"]
[Board "2"]
[White "Wang, Tongsen"]
[Black "Zhou, Jianchao"]
[Result "0-1"]
[BlackTitle "GM"]
[WhiteElo "2296"]
[BlackElo "2612"]
[WhiteTeam "Qingdao"]
[BlackTeam "Shanghai"]
[WhiteFideId "8608067"]
[BlackFideId "8603537"]
[EventDate "2016.04.12"]

1. e4 c5 2. Nf3 d6 3. d4 cxd4 4. Nxd4 Nf6 5. Nc3 a6 6. Bg5 Nbd7 7. f4 Qc7 8. Qf3
b5 9. O-O-O Bb7 10. Bxf6 Nxf6 11. g4 g6 12. g5 b4 13. Ncb5 axb5 14. gxf6 Bh6 15.
Nxb5 Qc5 16. fxe7 Kxe7 17. Nxd6 Bc6 18. Qg3 b3 19. Qxb3 Bxf4+ 20. Kb1 Bxd6 21.
Bc4 Be5 22. Qd3 Rhd8 23. Bd5 Rab8 24. b3 Qa3 25. c3 Bxd5 26. exd5 Rxb3+ 27. axb3
Qxb3+ 28. Kc1 Bf4+ 29. Rd2 Ra8 30. Re1+ Kf8 0-1

[Event "TCh-CHN 2016"]
[Site "China CHN"]
[Date "2016.09.25"]
[Round "14.4"]
[Board "4"]
[White "Zhang, Xiaowen"]
[Black "Zhou, Guijue"]
[Result "1/2-1/2"]
[WhiteTitle "WGM"]
[BlackTitle "WIM"]
[WhiteElo "2374"]
[BlackElo "2239"]
[WhiteTeam "Shanghai"]
[BlackTeam "Qingdao"]
[WhiteFideId "8603219"]
[BlackFideId "8602905"]
[EventDate "2016.04.12"]

1. e4 e5 2. Nf3 Nf6 3. Nxe5 d6 4. Nf3 Nxe4 5. d4 d5 6. Bd3 Nc6 7. O-O Be7 8. c4
Nb4 9. cxd5 Nxd3 10. Qxd3 Qxd5 11. Re1 Bf5 12. g4 Bg6 13. Nc3 Nxc3 14. Qxc3 Qd6
15. Qe3 Kf8 16. Bd2 Re8 17. Rac1 Qd8 18. Qb3 Qc8 19. h3 Bd6 20. Bb4 Rxe1+ 21.
Rxe1 f6 22. Bxd6+ cxd6 23. Qa3 Qd7 24. Qxa7 Kf7 25. d5 h5 26. Qd4 hxg4 27. hxg4
Re8 28. Rxe8 Qxe8 29. Qf4 Qe2 30. Nd2 Qd3 31. Nc4 Qd1+ 32. Kh2 Qxd5 33. Nxd6+
Ke6 34. Nc4 b5 35. Ne3 Qxa2 36. Qd4 Qa4 37. b4 Qa6 38. Nd5 Kf7 39. Qc5 Qe6 40.
Kh3 Bd3 41. Ne3 Be4 42. Qxb5 Kg8 43. Qc4 Kf7 44. Kg3 Qxc4 45. Nxc4 Ke6 46. Kf4
Bd3 47. Nb2 Bb5 48. Ke4 Bc6+ 49. Ke3 Kd5 50. f3 Bd7 51. Nd3 Kc4 52. Nf4 Kxb4 53.
Nh5 Kc5 54. Nxg7 Kd6 55. Kf4 Ke7 56. Nf5+ Kf7 57. Nd4 Kg6 58. Nc2 Bc6 59. Ne3
Bd7 60. Ng2 Bc8 61. Nh4+ Kf7 62. Kg3 Kg7 63. f4 Bd7 64. f5 Kh6 65. Kf4 Ba4 66.
Ng2 Bc2 67. Ne1 Bd1 68. Nd3 Bb3 69. Nc5 Bc4 70. Ne6 Be2 71. Nc7 Kg7 72. Ne8+ Kf7
73. Nd6+ Ke7 74. Ne4 Bd3 75. Nc5 Bc2 76. Kg3 Kd6 77. Ne6 Ke7 78. Kh4 Kf7 79. Kh5
Bd1 80. Nc7 Kg7 81. Ne8+ Kf7 82. Nd6+ Kg7 83. Kh4 Bc2 84. Kg3 Kf8 85. Kf4 Ke7
86. Ne4 Kf7 87. Ke3 Ke7 88. Kd4 Bd1 89. Nf2 Bf3 90. Ke3 Bd5 91. Ne4 Bb3 92. Nc3
Bc4 93. Kd4 Bf1 94. Kc5 Kf7 95. Nd5 Be2 96. Ne3 Bf3 97. Kd6 Be2 98. Kd5 Bf3+ 99.
Kd4 Kg7 100. Kd3 Kh6 101. Nc4 Kg5 102. Nd6 Bxg4 103. Ne4+ Kxf5 104. Nxf6 Kxf6
105. Ke4 1/2-1/2

[Event "TCh-CHN 2016"]
[Site "China CHN"]
[Date "2016.09.25"]
[Round "14.4"]
[Board "5"]
[White "Ju, Wenjun"]
[Black "Hong, Xing"]
[Result "1-0"]
[WhiteTitle "GM"]
[WhiteElo "2568"]
[BlackElo "1986"]
[WhiteTeam "Shanghai"]
[BlackTeam "Qingdao"]
[WhiteFideId "8603006"]
[BlackFideId "8606129"]
[EventDate "2016.04.12"]

1. d4 Nf6 2. c4 e6 3. Nf3 d5 4. e3 c5 5. Nc3 Nc6 6. cxd5 exd5 7. Bb5 Be7 8. dxc5
O-O 9. Nd4 Qc7 10. Nb3 Be6 11. Bd2 Ne5 12. Be2 Ne4 13. Nxe4 dxe4 14. Rc1 h5 15.
Ba5 b6 16. cxb6 Qb8 17. Qd4 axb6 18. Bc3 Rxa2 19. Qxe4 Bxb3 20. Bxe5 Qa8 21.
Qxa8 Rfxa8 22. O-O h4 23. Bf3 Rd8 24. Ra1 b5 25. Rxa2 Bxa2 26. Ra1 Bc4 27. Bd4
b4 28. Rc1 Bd3 29. h3 Bd6 30. Bd1 Ra8 31. Bb3 Ra5 32. f4 Ra8 33. Rc6 Rd8 34. Bb6
Rd7 35. Rc8+ Kh7 36. Kf2 Bg6 37. Bc2 Be7 38. f5 Rd2+ 39. Kf1 Bh5 40. f6+ Rxc2
41. Rxc2 Bxf6 42. Bd4 Bg6 43. Rc7 b3 44. Bxf6 gxf6 45. Rb7 Bc2 46. Rb4 1-0

[Event "TCh-CHN 2016"]
[Site "China CHN"]
[Date "2016.09.25"]
[Round "14.5"]
[Board "1"]
[White "Bu, Xiangzhi"]
[Black "Yu, Yangyi"]
[Result "1/2-1/2"]
[WhiteTitle "GM"]
[BlackTitle "GM"]
[WhiteElo "2719"]
[BlackElo "2738"]
[WhiteTeam "Shandong"]
[BlackTeam "Beijing"]
[WhiteFideId "8601445"]
[BlackFideId "8603820"]
[EventDate "2016.04.12"]

1. d4 Nf6 2. c4 e6 3. Nf3 d5 4. Nc3 Bb4 5. Qb3 c5 6. dxc5 Na6 7. a3 Bxc3+ 8.
Qxc3 Nxc5 9. cxd5 Qxd5 10. Be3 Nce4 11. Qe5 Qxe5 12. Nxe5 Nd5 13. Bc1 Bd7 14. f3
Nc5 15. e4 Nb3 16. Rb1 Nb6 17. Be3 Rc8 18. Nxd7 Kxd7 19. Be2 Ke7 20. O-O Rhd8
21. Rfd1 Rxd1+ 22. Bxd1 Nc4 23. Bxb3 Nxe3 24. Kf2 Nc4 25. Rc1 b5 26. a4 a6 27.
axb5 axb5 28. Ke2 Kd6 29. Rc3 Rb8 30. Bxc4 bxc4 31. Rxc4 Rxb2+ 32. Kf1 Ke5 1/2-1/2

[Event "TCh-CHN 2016"]
[Site "China CHN"]
[Date "2016.09.25"]
[Round "14.5"]
[Board "2"]
[White "Zhao, Jun"]
[Black "Wang, Yiye"]
[Result "1/2-1/2"]
[WhiteTitle "GM"]
[BlackTitle "IM"]
[WhiteElo "2634"]
[BlackElo "2442"]
[WhiteTeam "Shandong"]
[BlackTeam "Beijing"]
[WhiteFideId "8602522"]
[BlackFideId "8606021"]
[EventDate "2016.04.12"]

1. c4 c5 2. Nf3 Nf6 3. Nc3 Nc6 4. e3 g6 5. d4 cxd4 6. exd4 d5 7. cxd5 Nxd5 8.
Qb3 Nxc3 9. Bc4 Nd5 10. Bxd5 e6 11. Bxc6+ bxc6 12. O-O Qd5 13. Bf4 f6 14. Rfc1
g5 15. Bg3 Be7 16. Rc3 Qxb3 17. Rxb3 Ba6 18. Rc1 Bb5 19. h3 Rd8 20. Re3 Kf7 21.
Bc7 Rd7 22. Ba5 h5 23. Bc3 Rg8 24. Nd2 g4 25. Rce1 gxh3 26. Rxh3 Rd5 27. Rhe3
Bd8 28. Rxe6 Rdg5 29. g3 h4 30. Nf3 Rg4 31. Rd6 hxg3 32. Rd7+ Kg6 33. fxg3 c5
34. Rd6 Rxg3+ 35. Kf2 Bc7 36. Kxg3 Bxd6+ 37. Kf2 Kf7 38. Rg1 Re8 39. Re1 Rg8 40.
Rg1 Re8 1/2-1/2

[Event "TCh-CHN 2016"]
[Site "China CHN"]
[Date "2016.09.25"]
[Round "14.5"]
[Board "3"]
[White "Wen, Yang"]
[Black "Zhang, Zhong"]
[Result "1/2-1/2"]
[WhiteTitle "GM"]
[BlackTitle "GM"]
[WhiteElo "2614"]
[BlackElo "2634"]
[WhiteTeam "Shandong"]
[BlackTeam "Beijing"]
[WhiteFideId "8602956"]
[BlackFideId "8600694"]
[EventDate "2016.04.12"]

1. d4 e6 2. Nf3 Nf6 3. Bf4 c5 4. e3 Nc6 5. Nbd2 d5 6. c3 Bd6 7. Bg3 O-O 8. Bd3
b6 9. Qe2 Bb7 10. Rd1 h6 11. O-O Rc8 12. Rfe1 Re8 13. Bb5 Bxg3 14. hxg3 Re7 15.
Nb3 Nb8 16. Nbd2 Nc6 17. Ne5 Qc7 18. f4 Nh7 19. Ndf3 Nf8 20. g4 f6 21. Nxc6 Bxc6
22. Bd3 cxd4 23. Nxd4 Bb7 24. Qf2 Rf7 25. e4 dxe4 26. Bxe4 Bxe4 27. Rxe4 Qc4 28.
Rde1 Qxa2 29. Nxe6 Nxe6 30. Rxe6 Qd5 1/2-1/2